| 000 | 01286nam0a2200337 4500 | ||
|---|---|---|---|
| 001 | RU\NLR\ONL1\4203 | ||
| 005 | 20250613114425.0 | ||
| 035 | _a(NLR Aleph) 009632956 | ||
| 090 |
_a9505512 _c9505512 |
||
| 100 | _a20041101d1934 |||y0rusy50 ca | ||
| 101 | 0 | _achm | |
| 102 | _aRU | ||
| 105 | _aa ||||||||| | ||
| 135 | _acrcn 024anaba | ||
| 200 | 1 |
_aСлэсар пашан тун шотышт _f[Пер. К. Семенова] |
|
| 210 |
_aМ. _cНаркомтьажпром савыктыш _d1934 |
||
| 215 |
_a68,[2] с. _cил. _d21 |
||
| 325 | 1 | _aКопия доступна в электронной библиотеке РНБ | |
| 541 | 1 |
_aСлесарное дело _zrus |
|
| 606 | 0 |
_aСлесарные работы _91704040 _3RU\NLR\auth\66758825 |
|
| 686 | 1 | _aК671 | |
| 700 | 1 |
_aМорковин _bА. В. _4070 |
|
| 801 | 0 |
_aRU _bNLR _c20041101 _gPSBO |
|
| 852 |
_aNLR _bОНЛ _jМар.л./3-362 |
||
| 901 | _eКнижные издания: ОНЛ | ||
| 942 | _cBOOK | ||
| 980 | _aNB | ||
| 981 | 2 | 3 |
_a(23) Национальные литературы _b(23) Книги на национальных языках |